Zásady podnikateľskej etiky a jej uplatnenie v obchode

Čo je podnikateľská etika. Porovnanie podnikateľskej etiky s koncepciou spoločenskej zodpovednosti. Porovnanie etiky podnikateľského prostredia v Českej republike s etikou britských firiem na základe výskumu. Definícia a obsahová štruktúra etického kódexu. Etický kódex Zväzu obchodu a cestovného ruc...

Description complète

Enregistré dans:
Détails bibliographiques
Auteur principal: Horňáková, Lucia, 1982-
Autres auteurs: Rubaninská, Kamila, Michalková, Lucia
Format: Chapitre de livre
Langue:slovaque
Sujets:
Tags: Ajouter un tag
Pas de tags, Soyez le premier à ajouter un tag!

MARC

LEADER 00000naa$a2200000$$$4500
001 0119846
005 20240502072334.6
041 0 |a slo 
044 |a SK 
245 1 0 |a Zásady podnikateľskej etiky a jej uplatnenie v obchode  |c Lucia Horňáková, Kamila Rubaninská, Lucia Michalková 
520 |a Čo je podnikateľská etika. Porovnanie podnikateľskej etiky s koncepciou spoločenskej zodpovednosti. Porovnanie etiky podnikateľského prostredia v Českej republike s etikou britských firiem na základe výskumu. Definícia a obsahová štruktúra etického kódexu. Etický kódex Zväzu obchodu a cestovného ruchu Českej republiky. 
610 2 0 |a etika podnikateľská 
610 2 0 |a morálka 
610 2 0 |a zodpovednosť spoločenská 
610 2 0 |a kódexy etické 
610 2 0 |a podnikanie 
610 2 0 |a prostredie podnikateľské 
610 2 0 |a ochrana prostredia životného 
610 2 0 |a firmy 
610 2 0 |a vzťahy medziľudské 
610 2 0 |a obchod 
610 2 0 |a ruch cestovný 
100 1 |a Horňáková, Lucia, 1982- 
700 1 |a Rubaninská, Kamila 
700 1 |a Michalková, Lucia